[Event "3rd Geller mem Open A"]
[Site "Odessa UKR"]
[Date "2007.09.12"]
[Round "5"]
[White "Fiodorov,M"]
[Black "Reutsky,S"]
[Result "1/2-1/2"]
[WhiteElo "2210"]
[BlackElo "2360"]

1.d4 d5 2.c4 dxc4 3.e4 Nc6 4.Be3 Nf6 5.f3 e5 6.d5 Ne7 7.Bxc4 Ng6 8.Bb5+ Bd7
9.Bxd7+ Qxd7 10.Ne2 Bd6 11.O-O O-O 12.Nd2 c6 13.dxc6 Qxc6 14.Rc1 Qa6 15.Nc4 Rfd8
16.Qb3 Bf8 17.Nc3 Rac8 18.Nb5 Bc5 19.Bxc5 Rxc5 20.Ncd6 Rxd6 21.Rxc5 Qb6 22.Nxd6 Qxc5+
23.Kh1 Qxd6 24.Qxb7 Qd4 25.Qb3 h5 26.Qc3 Qd6 27.a4 Nf4 28.b4 Qa6 29.b5 Qxa4
30.Qxe5 Qc4 31.Ra1 Nd3 32.Qb8+ Kh7 33.h3 Nd7 34.Qb7 N7e5 35.Qd5 Qc3 36.Qa2 Qc5
37.Qxa7 Qxb5 38.Ra5 Qb1+ 39.Qg1 Nf2+ 40.Kh2 Qb2 41.Qa1 Qxa1 42.Rxa1 h4 43.Ra5 Nfd3
44.f4 Ng6 45.Rh5+ Kg8 46.f5 Ndf4 47.Rg5 Ne5 48.f6 Neg6 49.fxg7 Ne2 50.Rg4 Kxg7
51.Rg5 Ng3 52.Rg4 Kf6 53.Kg1 Ke5 54.Kf2 Nxe4+ 55.Ke3 Nd6 56.Ra4 Kf5 57.g3 hxg3
58.Kf3 g2 59.Kxg2 Nf4+ 60.Kf3 Nxh3 61.Kg3 Ng5 62.Rf4+ Kg6 63.Rxf7  1/2-1/2

[Event "17th ch-EU U16 Girls"]
[Site "Sibenik CRO"]
[Date "2007.09.14"]
[Round "1"]
[White "Vince,V"]
[Black "Hitter,G"]
[Result "0-1"]
[WhiteElo "1839"]
[BlackElo "2083"]

1.d4 d5 2.c4 dxc4 3.e4 b5 4.a4 c6 5.axb5 cxb5 6.b3 e5 7.Nf3 Bg4 8.d5 Bc5
9.Be2 Bxf3 10.Bxf3 Qb6 11.O-O cxb3 12.Qxb3 Nd7 13.Nc3 Rb8 14.Be2 a6 15.Qa2 Bd4
16.Bb2 Nc5 17.Rac1 Nf6 18.Nb1 Bxb2 19.Qxb2 O-O 20.Qxe5 Rfe8 21.Qd4 Ncxe4
22.Qxb6 Rxb6 23.Bf3 g6 24.Rfe1 Ng5 25.Rxe8+ Nxe8 26.Bg4 Nf6 27.h4 Nge4 28.Bf3 a5
29.Rc8+ Kg7 30.Kf1 Rd6 31.Ra8 a4 32.Ra5 Rxd5 33.Ke2 Rc5 34.g3 Nd6 35.Ke3 Nc4+  0-1

[Event "17th ch-EU U16 Boys"]
[Site "Sibenik CRO"]
[Date "2007.09.15"]
[Round "2"]
[White "Soors,S"]
[Black "Kurkijarvi,M"]
[Result "1-0"]
[WhiteElo "2126"]
[BlackElo "1970"]

1.d4 d5 2.c4 dxc4 3.e4 Nc6 4.Be3 Nf6 5.Nc3 a6 6.e5 Nd5 7.Bxc4 e6 8.Rc1 Bb4
9.Qg4 Nxe3 10.fxe3 O-O 11.Nf3 Ne7 12.O-O Nd5 13.Qe4 Bxc3 14.bxc3 f5 15.exf6 Nxf6
16.Bxe6+ Kh8 17.Qe5 Re8 18.Ng5 Bxe6 19.Nxe6 Qd7 20.Rxf6 gxf6 21.Qxf6+ Kg8
22.Qg5+ Kh8 23.Qe5+ Kg8 24.Qg3+ Kh8 25.Nxc7 Rxe3 26.Qxe3 Qxc7 27.d5 Rd8 28.Qd4+ Kg8
29.c4 Qa5 30.Rf1 Qxa2 31.Qf6 Qa5 32.Qf7+ Kh8 33.Qe7 Qb6+ 34.c5 Qa5 35.Rf8+  1-0

[Event "17th ch-EU U18 Boys"]
[Site "Sibenik CRO"]
[Date "2007.09.15"]
[Round "2"]
[White "Guramishvili,S"]
[Black "Sarapik,K"]
[Result "1/2-1/2"]
[WhiteElo "2273"]
[BlackElo "2060"]

1.d4 d5 2.c4 dxc4 3.e4 e5 4.Bxc4 Qxd4 5.Nd2 Bb4 6.Qb3 Bxd2+ 7.Bxd2 Qxe4+
8.Kf1 Qg6 9.Nf3 Nc6 10.Re1 Be6 11.Bxe6 Qxe6 12.Qxb7 Rb8 13.Qxc7 Rc8 14.Qb7 Nge7
15.Qa6 f6 16.b4 O-O 17.Be3 Qg4 18.a3 Nd5 19.h3 Nxe3+ 20.Rxe3 Qd7 21.Kg1 Nd4
22.Kh2 Rc2 23.Rf1  1/2-1/2

[Event "3rd Geller mem Open A"]
[Site "Odessa UKR"]
[Date "2007.09.16"]
[Round "9"]
[White "Shishkin,Va UKR"]
[Black "Fingerov,D"]
[Result "1/2-1/2"]
[WhiteElo "2543"]
[BlackElo "2330"]

1.d4 d5 2.c4 dxc4 3.e4 e5 4.Nf3 Bb4+ 5.Bd2 Bxd2+ 6.Nbxd2 exd4 7.Bxc4 Nc6
8.O-O Nge7 9.Nb3 O-O 10.Nfxd4 Nxd4 11.Nxd4 Qd6 12.Rc1 c6 13.Nb3 Qf6 14.Qd2 Be6
15.Bxe6 Qxe6 16.Nc5 Qxa2 17.Qc3 b5 18.Ra1 Qc4 19.Qxc4 bxc4 20.Rfc1 Rfd8 21.Ra2 Rd2
22.Kf1 f5 23.Rxc4 fxe4 24.Nxe4 Rd7 25.g3 h6 26.b3 Nd5 27.Rd2 Re8 28.Rd3 Nb6
29.Rxd7 Nxd7 30.Nd6 Re6 31.Nc8 c5 32.Nxa7 Kf8 33.Rf4+ Ke7 34.b4 Ra6 35.Nb5 Ra1+
36.Kg2 cxb4 37.Rxb4 Ra2 38.Re4+ Kf6 39.Nc3 Rd2 40.Ra4 Kg6 41.Ne4 Rb2 42.Ra6+ Rb6
43.Rxb6+ Nxb6 44.Kf3 Nd5 45.Nd6 Nf6 46.Kf4 Nd5+ 47.Ke5 Nf6 48.f3 Nd7+ 49.Ke6 Nc5+
50.Ke7 Nb3 51.f4 Nd4 52.g4 h5 53.g5 Nf3 54.Ne8 Nxg5 55.Nxg7 Kxg7 56.fxg5 h4
57.Ke6 Kg6  1/2-1/2

[Event "6th ch-Asia"]
[Site "Cebu City PHI"]
[Date "2007.09.21"]
[Round "3"]
[White "Dao Thien Hai"]
[Black "Filippov,An UZB"]
[Result "1/2-1/2"]
[WhiteElo "2537"]
[BlackElo "2481"]

1.d4 d5 2.c4 dxc4 3.e4 Nf6 4.e5 Nd5 5.Bxc4 Nb6 6.Bd3 Nc6 7.Ne2 Bg4 8.f3 Be6
9.Nbc3 Bc4 10.Bxc4 Nxc4 11.O-O e6 12.Qb3 Nb6 13.Be3 Nb4 14.Rac1 a5 15.Na4 Nxa4
16.Qxa4+ c6 17.Nc3 Nd5 18.Bf2 Be7 19.Qb3 Bg5 20.Rce1 b5 21.Nxd5 Qxd5 22.Qxd5 cxd5
23.g3 Rc8 24.f4 Be7 25.Rc1 Kd7 26.Be3 Rc4 27.b3 Rxc1 28.Rxc1 a4 29.bxa4 bxa4
30.Kf2 Rb8 31.Rc2 Rb1 32.Bc1 h5 33.Ke2 f6 34.Kf3 f5 35.h3 g6 36.h4 Bb4 37.Ke2 Ra1
38.Kf2 Ba5 39.Ke2 Bb6 40.Kd3 Rb1 41.Ke3 Rb4 42.Bb2 Rc4 43.Kd3 Rxc2 44.Kxc2 Kc6
45.a3 Kb5 46.Kd3 Bd8 47.Bc3 Be7 48.Bb2 Ka6 49.Bc1 Kb6 50.Bb2 Kb5 51.Bc1 Bd8
52.Bd2 Bb6 53.Bb4  1/2-1/2

[Event "6th ch-Asia"]
[Site "Cebu City PHI"]
[Date "2007.09.27"]
[Round "9"]
[White "Dao Thien Hai"]
[Black "Alavi,S"]
[Result "1-0"]
[WhiteElo "2537"]
[BlackElo "2493"]

1.d4 d5 2.c4 dxc4 3.e4 e5 4.Nf3 exd4 5.Qxd4 Qxd4 6.Nxd4 Bb4+ 7.Nc3 a6 8.Bxc4 Ne7
9.O-O Bd7 10.Nd5 Nxd5 11.Bxd5 c6 12.Bb3 O-O 13.Bf4 Re8 14.f3 Bc5 15.Rfd1 Be6
16.Bxe6 fxe6 17.Be3 Be7 18.Rac1 Rd8  1-0

[Event "27th Open"]
[Site "Munich GER"]
[Date "2007.10.06"]
[Round "8"]
[White "Jorczik,J"]
[Black "Wohl,A"]
[Result "1/2-1/2"]
[WhiteElo "2333"]
[BlackElo "2423"]

1.d4 d5 2.c4 dxc4 3.e4 Nc6 4.Be3 Nf6 5.Nc3 e5 6.d5 Ne7 7.Bxc4 Ng6 8.f3 Bd6
9.Qd2 O-O 10.Qf2 a6 11.Nge2 Ne8 12.O-O Be7 13.f4 Nd6 14.Bb3 f5 15.fxe5 fxe4
16.Bf4 Nxe5 17.Qd4 Nef7 18.Ng3 Bf6 19.Qd2 Bd7 20.Ncxe4 Bb5 21.Nxf6+ Qxf6
22.Rf2 Ne5 23.Nh5 Qg6 24.Bxe5 Qxh5 25.Rxf8+ Rxf8 26.Bxd6 cxd6 27.a4 Bd7 28.Bd1 Qg6
29.a5 Bb5 30.Be2 Rc8 31.Bxb5 Rc2 32.Rc1 Rxd2 33.Rc8+ Kf7 34.Be8+ Kf6 35.Bxg6 hxg6
36.Rc7 Rxd5 37.Rxb7 Rxa5 38.Rb6 Ke6 39.Rb7 Rb5 40.Rxg7 Kf6 41.Ra7 a5 42.b3 Ke5
43.Kf2 Kd4 44.Ra6 d5 45.Rxg6 Kc3 46.Rg3+ Kc2 47.h4 d4 48.Rg5 Rxb3 49.Rxa5 d3
50.Rd5 Rb8 51.g4 d2 52.Ke2 Re8+ 53.Kf3 d1=Q+ 54.Rxd1 Kxd1 55.g5 Kd2 56.h5 Kd3
57.h6 Kd4 58.Kf4 Rf8+ 59.Kg4 Ke5 60.Kh5 Ke6 61.h7 Rf1 62.Kg6 Rh1 63.Kg7 Kf5
64.g6 Kg5 65.Kf7 Rh6 66.g7  1/2-1/2

[Event "KNSB TCh-NED 2007-8"]
[Site "Netherlands NED"]
[Date "2007.10.06"]
[Round "2"]
[White "Gagunashvili,M"]
[Black "Cardon,H"]
[Result "1/2-1/2"]
[WhiteElo "2584"]
[BlackElo "2398"]

1.d4 d5 2.c4 dxc4 3.e4 Nc6 4.d5 Ne5 5.Bf4 Ng6 6.Be3 e6 7.Bxc4 exd5 8.Bxd5 Bb4+
9.Nc3 Bxc3+ 10.bxc3 Nf6 11.Qa4+ Bd7 12.Qb4 Nxd5 13.exd5 Qe7 14.Qxb7 O-O 15.Nf3 Nf4
16.O-O Nxg2 17.Kxg2 Rfb8 18.Qa6 Qe4 19.h3 Bb5 20.Qa5 Be2 21.Rg1 Bxf3+ 22.Kh2 Qe5+
23.Rg3 g6 24.Bd4 Qf4 25.Re1 Re8 26.Be3 Qf5 27.c4 c6 28.Qc3 f6 29.d6 c5 30.d7 Red8
31.Bxc5 Bc6 32.Re7 Rxd7 33.Rxd7 Bxd7 34.Qd4 Re8 35.Qd6 Qe6 36.Ra3 Qxd6+ 37.Bxd6 Ra8
38.Ra6 Kf7 39.a4 Bc8 40.Rc6 Bd7 41.Ra6 Bc8 42.Rc6 Bd7 43.Ra6  1/2-1/2

[Event "Blindfold World Cup"]
[Site "Bilbao ESP"]
[Date "2007.10.16"]
[Round "1"]
[White "Bu Xiangzhi"]
[Black "Karjakin,Sergey"]
[Result "1-0"]
[WhiteElo "2692"]
[BlackElo "2694"]

1.d4 d5 2.c4 dxc4 3.e4 Nf6 4.e5 Nd5 5.Bxc4 Nb6 6.Bd3 Nc6 7.Be3 Nb4 8.Be4 f5
9.exf6 exf6 10.Nc3 f5 11.Bb1 Bd6 12.Nf3 N4d5 13.Bg5 Qd7 14.O-O O-O 15.Re1 h6
16.Bd2 Qf7 17.a4 Be6 18.Nb5 Nf6 19.a5 Nbd5 20.a6 b6 21.Qe2 Ne4 22.Bxe4 fxe4
23.Qxe4 Bf5 24.Qh4 Bd3 25.Nc3 Nxc3 26.Bxc3 Qf4 27.Qxf4 Rxf4 28.Ne5 Bb5 29.g3 Rff8
30.f4 Rad8 31.Kg2 c5 32.dxc5 Bxc5 33.h4 Rfe8 34.h5 Bd6 35.Kh3 Bxe5 36.Rxe5 Rxe5
37.Bxe5 Kf7 38.g4 Rd3+ 39.Kh4 Rd7 40.Bb8 Be2 41.b4 Bb5 42.Be5 Ke6 43.Ra3 Kf7
44.g5 hxg5+ 45.fxg5 Re7 46.g6+ Kg8 47.Bb8 Re4+ 48.Kg3 Re8 49.Bxa7 Ra8 50.Bxb6  1-0

[Event "IV Veterans"]
[Site "Calvia ESP"]
[Date "2007.10.20"]
[Round "6"]
[White "Klempt,G"]
[Black "Salgado Gonzalez,J"]
[Result "0-1"]
[WhiteElo "2091"]
[BlackElo "1926"]

1.d4 d5 2.c4 dxc4 3.e4 e5 4.d5 Bd6 5.Bxc4 f5 6.Nc3 Nf6 7.Nf3 Nxe4 8.Nxe4 fxe4
9.Ng5 Bf5 10.Qe2 Nd7 11.O-O Qe7 12.Nxe4 Bxe4 13.Qxe4 Nf6 14.Qc2 O-O 15.Bg5 Qf7
16.Rae1 Rae8 17.Bd3 e4 18.Bb5 Bxh2+ 19.Kxh2 Qh5+ 20.Kg1 Ng4 21.Qxc7 Re5 22.Qxe5 Nxe5
23.Be7 Ng4 24.Bd6 Rf6 25.Rxe4 Rxd6 26.Re8+ Kf7 27.Rfe1 Qh2+ 28.Kf1 Qh1+ 29.Ke2 Qxg2
30.Kd3 Qxd5+ 31.Kc2 Qxb5  0-1

[Event "2nd MAIG Team Standard"]
[Site "Macau CHN"]
[Date "2007.10.29"]
[Round "3"]
[White "Nguyen Anh Dung"]
[Black "Hussein,NA"]
[Result "1-0"]
[WhiteElo "2537"]
[BlackElo "2337"]

1.d4 d5 2.c4 dxc4 3.e4 c5 4.d5 Nf6 5.Nc3 b5 6.e5 b4 7.exf6 bxc3 8.bxc3 Qa5
9.Bd2 Nd7 10.Bxc4 Nb6 11.Qe2 Nxc4 12.Qxc4 Ba6 13.Qe4 gxf6 14.c4 Qa4 15.Rc1 O-O-O
16.Nf3 Bb7 17.Qe3 e6 18.O-O Rg8 19.Nh4 Rg4 20.g3 Rxc4 21.dxe6 Re4 22.Rxc5+ Kb8
23.Qc3 Bxc5 24.Qxc5 Rxh4 25.exf7 Qe4 26.f3 Qd4+ 27.Be3 Qxc5 28.Bxc5 Rc4 29.f8=Q Rxf8
30.Bxf8 Rc3 31.Re1 Bxf3 32.Re7 h5 33.a3 Rc2 34.Rf7  1-0

[Event "22nd GP Open A"]
[Site "Le Touquet FRA"]
[Date "2007.11.01"]
[Round "8"]
[White "Savchenko,S"]
[Black "Kunin,V"]
[Result "0-1"]
[WhiteElo "2604"]
[BlackElo "2507"]

1.d4 d5 2.c4 dxc4 3.e4 e5 4.Nf3 exd4 5.Bxc4 Bb4+ 6.Bd2 Bxd2+ 7.Nbxd2 Nf6
8.e5 Nd5 9.Qb3 c6 10.O-O O-O 11.Rad1 Nb6 12.Bd3 Be6 13.Qc2 h6 14.Nb3 Bxb3
15.Qxb3 c5 16.Bb1 c4 17.Qa3 d3 18.b3 Nc6 19.bxc4 Nxc4 20.Qc5 N6a5 21.Rxd3 Qb6
22.Qd5 Qe6 23.Qe4 g6 24.Qf4 Kg7 25.Re1 Nc6 26.Nh4 N4xe5 27.Rg3 Nd3 28.Nf5+ Kg8
29.Rxg6+ fxg6 30.Nxh6+ Kh7 31.Qc7+ Rf7 32.Rxe6 Rxc7  0-1

[Event "ch-UKR Final"]
[Site "Kharkov UKR"]
[Date "2007.11.17"]
[Round "1"]
[White "Malaniuk,V"]
[Black "Drozdovskij,Y"]
[Result "1/2-1/2"]
[WhiteElo "2496"]
[BlackElo "2567"]

1.d4 d5 2.c4 dxc4 3.e4 c5 4.d5 e6 5.Nc3 exd5 6.Nxd5 Ne7 7.Bxc4 Nxd5 8.Bxd5 Be7
9.Ne2 O-O 10.O-O Nd7 11.Nc3 Nb6 12.Bf4 Nxd5 13.Nxd5 Bd6  1/2-1/2

[Event "KNSB TCh-NED 2007-8"]
[Site "Netherlands NED"]
[Date "2007.11.24"]
[Round "4"]
[White "Werle,J"]
[Black "Ernst,S"]
[Result "1/2-1/2"]
[WhiteElo "2568"]
[BlackElo "2539"]

1.d4 d5 2.c4 dxc4 3.e4 c5 4.d5 Nf6 5.Nc3 b5 6.e5 b4 7.exf6 bxc3 8.bxc3 exf6
9.Bxc4 Bd6 10.Nf3 O-O 11.O-O Qc7 12.Re1 Bg4 13.h3 Bh5 14.Be2 Nd7 15.c4 Rfe8
16.Bd2 Nb6 17.Rc1 Bf4 18.Bxf4 Qxf4 19.g3 Qh6 20.Kg2 f5 21.Nd2 Bxe2 22.Rxe2 Kf8
23.f4 Nd7 24.Nb3 Qa6 25.Qd3 Rxe2+ 26.Qxe2 Re8 27.Qf2 Qa3 28.Rc2 Qb4 29.Qd2 Qxd2+
30.Rxd2 Re4 31.Na5 Ke7 32.Nc6+ Kd6 33.Nxa7 Nb6 34.Nb5+ Kd7 35.Rc2 Rxc4 36.Rxc4 Nxc4
37.Kf3 Nb6 38.Nc3 Kd6 39.Ke3 Nc4+ 40.Kd3 Na3 41.Kd2 f6 42.h4 g6 43.Kc1 h6
44.Kb2 Nc4+ 45.Kc2 g5 46.a4 g4 47.Kd3 Nb2+ 48.Kd2 h5 49.Ke3 Nc4+ 50.Ke2 Kd7
51.Nd1 Nb6 52.Nc3 Nc4 53.Nb5 Nb6 54.Nc3  1/2-1/2

[Event "WYg18"]
[Site "Kemer TUR"]
[Date "2007.11.26"]
[Round "9"]
[White "Rakic,Ma"]
[Black "Rysbayeva,A"]
[Result "1/2-1/2"]
[WhiteElo "2232"]
[BlackElo "2170"]

1.d4 d5 2.c4 dxc4 3.e4 Nf6 4.Nc3 e5 5.d5 Bc5 6.Bxc4 Nbd7 7.Nf3 O-O 8.Bg5 Re8
9.a3 a5 10.Bb5 c6 11.dxc6 bxc6 12.Bc4 Qc7 13.Bxf6 Nxf6 14.O-O Bg4 15.h3 Bh5
16.g4 Bg6 17.Qe2 Bd4 18.Nd2 Rad8 19.Kh2 Qd6 20.Rfd1 Qe7 21.Na4 Nd7 22.Nb3 Qf6
23.f3 Nf8 24.Qg2 Ne6 25.Bxe6 Qxe6 26.Nac5 Qf6 27.Nxd4 exd4 28.Qg3 h5 29.Nd3 c5
30.Rac1 Rc8 31.Qf4 Qb6 32.Qd2 hxg4 33.hxg4 c4 34.Nf4 d3 35.Rc3 Qd6 36.Kg2 Rc5
37.b3 cxb3 38.Qxd3 Qxd3 39.Rdxd3 Rxc3 40.Rxc3 a4 41.Nd3 f6 42.Kf2 Rb8 43.Nb2 Be8
44.Ke3 Bb5 45.Rc5 Kf7 46.Kd4 Ke6 47.f4 g6 48.Kc3 Kd6 49.Rd5+ Kc6 50.Rd4 Kc5
51.Rb4 Ra8 52.Rd4 Rb8 53.Rb4 Ra8 54.Rd4  1/2-1/2

[Event "Parsvnath ch-Commonwealth"]
[Site "New Delhi IND"]
[Date "2007.12.05"]
[Round "4"]
[White "Shiva,Mu"]
[Black "Praveen,P"]
[Result "0-1"]
[WhiteElo "1970"]
[BlackElo "2214"]

1.d4 d5 2.c4 dxc4 3.e4 e5 4.d5 Nf6 5.Nc3 b5 6.Bg5 Ba6 7.a3 h6 8.Bh4 Nbd7
9.Nf3 Bd6 10.Be2 Nc5 11.Qc2 Rb8 12.O-O Bc8 13.a4 a6 14.axb5 axb5 15.Nd2 g5
16.Bg3 Bd7 17.b4 cxb3 18.Nxb3 b4 19.Nxc5 Bxc5 20.Bxe5 bxc3 21.Qxc3 Bb4 22.Qd4 Be7
23.Ra6 Rb4 24.Qa1 Bc8 25.Rxf6 O-O 26.Rxh6 f6 27.Bc3 Rxe4 28.Bf3 Rf4 29.Re1 Bf5
30.Bd2 Rxf3 31.gxf3 Rf7 32.Qd4 c5 33.Qc3 Rg7 34.Qc4 Qd6 35.Re4 Bf8 36.Kf1 Bc8
37.Kg2 Rf7 38.Rh5 Bf5 39.Bc3 Be7 40.h4 Bxe4 41.Qxe4 gxh4 42.Qxh4 Rg7+ 43.Kh1 Kf7
44.Rf5 Qa6 45.Qh5+ Kf8 46.Qh8+ Rg8 47.Qh3 Qd3 48.Ba5 Qd1+  0-1

[Event "15th Salona"]
[Site "Solin CRO"]
[Date "2007.12.07"]
[Round "1"]
[White "Georgiev,Vl"]
[Black "Dizdarevic,E"]
[Result "1/2-1/2"]
[WhiteElo "2576"]
[BlackElo "2504"]

1.d4 d5 2.c4 dxc4 3.e4 e5 4.Nf3 Bb4+ 5.Bd2 Bxd2+ 6.Qxd2 exd4 7.Nxd4 Ne7 8.Nc3 Nbc6
9.Ndb5 a6 10.Qxd8+ Kxd8 11.O-O-O+  1/2-1/2

[Event "7th Amplico AIG Life"]
[Site "Warsaw POL"]
[Date "2007.12.15"]
[Round "4"]
[White "Sakalauskas,V"]
[Black "Guliyev,N"]
[Result "1-0"]
[WhiteElo "2402"]
[BlackElo "2560"]

1.d4 d5 2.c4 dxc4 3.e4 e5 4.Nf3 exd4 5.Bxc4 Bb4+ 6.Bd2 Bxd2+ 7.Nbxd2 Nc6
8.O-O Qf6 9.b4 Nge7 10.b5 Ne5 11.Nxe5 Qxe5 12.Nf3 Qh5 13.Nxd4 Bg4 14.Qb3 O-O
15.f3 Qc5 16.Rfd1 Bd7 17.Rac1 Qb6 18.Kh1 Rad8 19.Ne2 Ng6 20.Nc3 Nf4 21.Nd5 Nxd5
22.Rxd5 Be6 23.Rxd8 Rxd8 24.Bxe6 fxe6 25.h3 h6 26.Qc4 Rd7 27.a4 Kh7 28.Qc3 a6
29.Qe5 axb5 30.axb5 Rd6 31.Kh2 Qa5 32.h4 Qb6 33.h5 Qf2 34.Qg3 Qxg3+ 35.Kxg3  1-0

[Event "7th Amplico AIG Life"]
[Site "Warsaw POL"]
[Date "2007.12.16"]
[Round "12"]
[White "Wojtaszek,R"]
[Black "Sakalauskas,V"]
[Result "1-0"]
[WhiteElo "2635"]
[BlackElo "2402"]

1.d4 d5 2.c4 dxc4 3.e4 e5 4.Nf3 exd4 5.Bxc4 Nc6 6.O-O Be6 7.Bb5 Bc5 8.b4 Bb6
9.a4 a6 10.Bxc6+ bxc6 11.a5 Ba7 12.Bb2 Bg4 13.Qc2 Ne7 14.Ne5 Be6 15.Nd2 O-O
16.Rfd1 Re8 17.Ndf3 Qb8 18.Nxd4 Qxb4 19.Ba3 Qxa5 20.Nef3 c5 21.Nxe6 fxe6
22.Bb2 Qb6 23.Rab1 c4 24.Qc3 e5 25.Qxe5 Qf6 26.Qxc7 Qc6 27.Qe5 c3 28.Bxc3 Nf5
29.Qxf5 Qxc3 30.Rb7 Rf8 31.Qd7 Bc5 32.e5  1-0

[Event "57th ch-RUS w"]
[Site "Moscow RUS"]
[Date "2007.12.18"]
[Round "1"]
[White "Ovod,E"]
[Black "Kovalevskaya,E"]
[Result "1/2-1/2"]
[WhiteElo "2386"]
[BlackElo "2448"]

1.d4 d5 2.c4 dxc4 3.e4 Nc6 4.Nf3 Bg4 5.Bxc4 Bxf3 6.Qxf3 e6 7.d5 Ne5 8.Bb5+ c6
9.Qc3 cxb5 10.Qxe5 Qd6 11.Qxd6 Bxd6 12.dxe6 fxe6 13.Nc3 a6 14.Be3 Nf6 15.f3 Rc8
16.O-O-O Bb4 17.Bd4 Bxc3 18.bxc3 Nd7 19.Kb2 Rf8 20.Rd2 Rf7 21.Rhd1 Nb8 22.Be5 Nc6
23.Bg3 Rd8 24.Rxd8+ Nxd8 25.Kb3 Rd7 26.Rxd7 Kxd7 27.c4 Kc6 28.cxb5+ Kxb5
29.a4+ Kc6 30.Kc4 b6 31.f4 Nf7 32.Be1 g6 33.g4 Nh6 34.h3 Nf7 35.Bb4 b5+ 36.axb5+ axb5+
37.Kd4 e5+ 38.fxe5 Kd7 39.Kd5 Ng5 40.h4 Ne6 41.Bd2 Ke7 42.Bb4+ Kd7 43.Bd2  1/2-1/2

[Event "Open A"]
[Site "Zadar CRO"]
[Date "2007.12.18"]
[Round "4"]
[White "Franic,M"]
[Black "Yordanov,N"]
[Result "1-0"]
[WhiteElo "2401"]
[BlackElo "2257"]

1.d4 d5 2.c4 dxc4 3.e4 Nf6 4.e5 Nd5 5.Bxc4 Nb6 6.Bb3 Nc6 7.Be3 Bf5 8.Nc3 e6
9.Nf3 Qd7 10.a3 O-O-O 11.Qe2 Ne7 12.O-O h6 13.a4 Nbd5 14.Rfc1 Bg4 15.a5 Nxc3
16.bxc3 Nf5 17.a6 b6 18.h3 Bh5 19.Bd2 Bg6 20.g4 Ne7 21.c4 Kb8 22.Bf4 Bh7
23.Bg3 g5 24.Ba4 Qc8 25.d5 c5 26.dxc6 Nxc6 27.c5 Bxc5 28.Rxc5 bxc5 29.Qb5+ Ka8
30.Qxc6+ Qxc6 31.Bxc6+ Kb8 32.Rc1 Kc7 33.Bb7 Kb6 34.Ne1 Rd7 35.f3 Rhd8 36.Bf2 Rc7
37.Be3 Rd5 38.f4 gxf4 39.Bxf4 Rd4 40.Bxh6 Be4 41.Be3 Ra4 42.Kf2 Bxb7 43.axb7 Kxb7
44.Bxc5 Ra2+ 45.Kf3 Rd2 46.Rc3 a5 47.Ke3 Rd5 48.Rb3+ Kc6 49.Nd3 Rb7 50.Rc3 Kb5
51.h4 a4 52.h5 Rb8 53.Be7 Re8 54.Ba3 Rg8 55.Kf3 Rd4 56.Nf4 Rd1 57.Rc5+ Kb6
58.Rc4 Kb5 59.Rb4+ Ka5 60.Re4 Rf1+ 61.Kg3 Rb1 62.Re3 Rb3 63.Rxb3 axb3 64.h6 Ka4
65.Bb2 Kb5 66.Kf3 Kc4 67.g5 Kb5 68.Kg4 Kc6 69.Nxe6 fxe6 70.h7 Ra8 71.g6 Ra2
72.h8=Q Rxb2 73.Qa8+  1-0

[Event "Open A"]
[Site "Zadar CRO"]
[Date "2007.12.19"]
[Round "5"]
[White "Delchev,A"]
[Black "Stevic,H"]
[Result "0-1"]
[WhiteElo "2613"]
[BlackElo "2531"]

1.d4 d5 2.c4 dxc4 3.e4 Nc6 4.Nf3 Bg4 5.d5 Ne5 6.Bf4 Ng6 7.Be3 e5 8.Bxc4 Bd6
9.Bb5+ Kf8 10.g3 Nf6 11.Nc3 a6 12.Be2 b5 13.a3 Bd7 14.b4 Qe7 15.h4 Kg8 16.h5 Nf8
17.Nd2 h6 18.Nb3 N8h7 19.Nc5 Bc8 20.Rc1 Nd7 21.Nb1 Nb6 22.Nd2 Nf6 23.Kf1 Kh7
24.Rh4 Rf8 25.Qc2 Kh8 26.Ndb3 Nc4 27.Bxc4 bxc4 28.Na5 Ng4 29.Nxc4 f5 30.exf5 Bxf5
31.Qe2 Nf6 32.Rd1 Qf7 33.Qf3 Ne4 34.g4 Nxc5 35.gxf5 Nd7 36.Bc5 Bxc5 37.bxc5 Qe7
38.Re4 Qxc5 39.Nxe5 Nxe5 40.Rxe5 Rad8 41.Qe3 Qc4+ 42.Qe2 Qf4 43.Rd3 Rxf5
44.Rxf5 Qxf5 45.Kg2 Rf8 46.Rd4 Qg5+ 47.Qg4 Qf6 48.Rd2 Qe5 49.Kf1 Qc3 50.Rd1 Qxa3
51.Kg2 a5 52.Re1 Qa2 53.Qd4 Qa3 54.Qg4 Qd3 55.Re5 a4 56.Re7 Qxd5+ 57.Kg1 Qg5
58.Qxg5 hxg5 59.Rxc7 Ra8 60.Rc2 a3 61.Ra2 Kh7  0-1

[Event "ch-Reykjavik"]
[Site "Reykjavik ISL"]
[Date "2008.01.06"]
[Round "1"]
[White "Fridgeirsson,D"]
[Black "Salama,O"]
[Result "0-1"]
[WhiteElo "1798"]
[BlackElo "2233"]

1.d4 d5 2.c4 dxc4 3.e4 e5 4.Nf3 exd4 5.Qxd4 Qxd4 6.Nxd4 Bc5 7.Be3 Nf6 8.Nb5 Bb4+
9.Bd2 Bd6 10.Nxd6+ cxd6 11.Nc3 Be6 12.Nb5 Kd7 13.f3 a6 14.Nd4 b5 15.Rd1 Nc6
16.Bf4 d5 17.a4 Nxd4 18.Rxd4 Kc6 19.Be2 Rad8 20.O-O dxe4 21.axb5+ axb5 22.Be5 Rxd4
23.Bxd4 Rd8 24.Rd1 exf3 25.Bxf3+ Bd5 26.Bxf6 gxf6 27.Kf2 Rd6 28.Bh5 Be6 29.Bf3+ Kc5
30.Rxd6 Kxd6 31.Ke3 Bd5 32.Bh5 Bxg2 33.Bxf7 Bd5 34.Be8 Bc6 35.Bf7 Ke5 36.Bg8 h6
37.b3 Bd5 38.bxc4 Bxg8 39.cxb5 Bd5 40.h4 f5 41.b6 f4+  0-1

[Event "Paul Keres Mem GMA"]
[Site "Tallinn EST"]
[Date "2008.01.11"]
[Round "8"]
[White "Kanep,M"]
[Black "Rausis,I"]
[Result "1/2-1/2"]
[WhiteElo "2523"]
[BlackElo "2520"]

1.d4 d5 2.c4 dxc4 3.e4 Nc6 4.Be3 Nf6 5.f3 e5 6.d5 Nd4 7.Bxd4 exd4 8.Qxd4 c6
9.Bxc4 cxd5 10.Bb5+ Bd7 11.Bxd7+ Qxd7 12.e5 Qe6 13.Nc3 Rc8 14.O-O-O Bc5 15.Qa4+ Nd7
16.Nge2 O-O 17.f4 Nb6 18.Qb3 Rfd8 19.Nd4  1/2-1/2

[Event "6th Parsvnath Open"]
[Site "New Delhi IND"]
[Date "2008.01.18"]
[Round "8"]
[White "Praveen Kumar,C1"]
[Black "Hossain,Enam"]
[Result "1-0"]
[WhiteElo "2255"]
[BlackElo "2522"]

1.d4 d5 2.c4 dxc4 3.e4 e5 4.Nf3 exd4 5.Bxc4 Nc6 6.O-O Be6 7.Bxe6 fxe6 8.Qb3 Qd7
9.Qxb7 Rb8 10.Qa6 Nf6 11.e5 Ng4 12.Re1 Qd5 13.h3 Bb4 14.Bd2 Bxd2 15.Nbxd2 Ngxe5
16.Nxe5 Nxe5 17.Qa4+ c6 18.Qa3 Nd7 19.Nf3 c5 20.Rxe6+ Kf7 21.Rae1 Rhd8 22.Qd3 Kg8
23.b3 a5 24.h4 Rf8 25.Re7 h6 26.Ne5 Nf6 27.Qg6 Ne8 28.Ng4 Qd6 29.Rxg7+  1-0

[Event "GMA1"]
[Site "Marianske Lazne CZE"]
[Date "2008.01.21"]
[Round "3"]
[White "Rajlich,I"]
[Black "Rasmussen,A"]
[Result "0-1"]
[WhiteElo "2437"]
[BlackElo "2468"]

1.d4 d5 2.c4 dxc4 3.e4 e5 4.Nf3 exd4 5.Bxc4 Nc6 6.O-O Be6 7.Bxe6 fxe6 8.Qb3 Qd7
9.Qxb7 Rb8 10.Qa6 Nf6 11.Nbd2 Bd6 12.a3 O-O 13.b4 e5 14.Ng5 h6 15.Qc4+ Kh8
16.Ne6 Rf7 17.Nc5 Qe7 18.Na6 Rb6 19.b5 Nd8 20.Qe2 c6 21.a4 cxb5 22.axb5 Nb7
23.Rb1 Qe8 24.Nf3 Nc5 25.Nxc5 Bxc5 26.Bd2 Rfb7 27.Rfe1 Bd6 28.Nh4 Rxb5 29.Rxb5 Rxb5
30.Qf3 Qe6 31.Rc1 Rb2 32.Be1 Qg4 33.Qxg4 Nxg4 34.h3 Nf6 35.f4 Nxe4 36.fxe5 Bc5
37.Bd2 Rxd2 38.Rxc5 Rxg2+ 39.Kxg2 Nxc5 40.Kf3 a5 41.Nf5 d3 42.Ke3 a4 43.Kd4 a3
44.Kc3 Kg8 45.Ne3 Kf7 46.Nc4 Ne4+ 47.Kb3 d2 48.Ne3 a2  0-1

[Event "6th Gibtelecom Masters"]
[Site "Gibraltar ENG"]
[Date "2008.01.23"]
[Round "2"]
[White "Hillarp Persson,T"]
[Black "Vinas Guerrero,C"]
[Result "1-0"]
[WhiteElo "2535"]
[BlackElo "2129"]

1.d4 d5 2.c4 dxc4 3.e4 c5 4.d5 e6 5.Nc3 a6 6.a4 exd5 7.Nxd5 Nf6 8.Bxc4 Nc6
9.Bf4 Nxd5 10.exd5 Qf6 11.Ne2 Ne5 12.Bxe5 Qxe5 13.Ra3 Qd6 14.Re3+ Be7 15.Ng3 O-O
16.O-O Qd8 17.Ne4 Bd6 18.Qh5 Bf4 19.Re2 g6 20.Qf3 Be5 21.Rd1 Qh4 22.h3 Bf5
23.b3 Bd4 24.Nd6 Bc8 25.Nxc8 Raxc8 26.d6 Rc6 27.Re7 Qf6 28.Qxf6 Bxf6 29.Rxb7 Bd4
30.Rd7 Kg7 31.Re1 Kf6 32.g3 g5 33.Kg2 Be5 34.Rd1 Bd4 35.Re1 Be5 36.Bxf7 Rxd6
37.Rxd6+ Bxd6 38.Bc4 Be5 39.Bxa6 Ke6 40.Bc4+ Kd6 41.a5 h5 42.a6 Ra8 43.Re4 Rf8
44.Re2 Ra8 45.Re4 Rf8 46.f3  1-0

[Event "ch-Reykjavik"]
[Site "Reykjavik ISL"]
[Date "2008.01.25"]
[Round "9"]
[White "Fridgeirsson,D"]
[Black "Brynjarsson,H"]
[Result "1-0"]
[WhiteElo "1798"]
[BlackElo "1914"]

1.d4 d5 2.c4 dxc4 3.e4 Nc6 4.Nf3 Bg4 5.Bxc4 e6 6.d5 Bxf3 7.Qxf3 Nd4 8.Qd3 e5
9.O-O Bc5 10.Be3 f6 11.Bb5+ c6 12.dxc6 bxc6 13.Bxd4 Bxd4 14.Bxc6+ Kf8 15.Qa3+ Ne7
16.Bxa8 Qxa8 17.Nc3 Qb7 18.Qb3 Qxb3 19.axb3 Nc6 20.Ra4 Kf7 21.Nb5 Bxb2 22.Ra2 Bd4
23.Nxd4 exd4 24.Rc1 Ne5 25.Rxa7+ Kg6 26.f4 Ng4 27.Rd7 Rb8 28.Rcc7 Rg8 29.Rxd4 Ra8
30.Rc1  1-0

[Event "IMB1"]
[Site "Marianske Lazne CZE"]
[Date "2008.01.26"]
[Round "10"]
[White "Thorfinnsson,Bj"]
[Black "Semcesen,D"]
[Result "1-0"]
[WhiteElo "2364"]
[BlackElo "2349"]

1.d4 d5 2.c4 dxc4 3.e4 e5 4.Nf3 exd4 5.Bxc4 Nc6 6.Qb3 Bb4+ 7.Nbd2 Qe7 8.O-O Nf6
9.e5 Ng4 10.h3 Ngxe5 11.Nxe5 Nxe5 12.Re1 O-O 13.Rxe5 Qxe5 14.Qxb4 Qe1+ 15.Bf1 Bf5
16.Qb5 c5 17.Nb3 b6 18.Be3 Bb1 19.Bf4 Qe4 20.Bd6 Rfd8 21.Nd2 Qc2 22.Bc7 Rdc8
23.Bf4 Qf5 24.g3 g5 25.Bd6 Qg6 26.Rxb1 Qxd6 27.Bg2 a6 28.Qd3 Ra7 29.Qf5 Re8
30.Ne4 Qe5 31.Nf6+ Kf8 32.Nd7+ Rxd7 33.Qxd7 Kg7 34.b3 Re6 35.Qd5 Qf6 36.Qc4 Qf5
37.Rc1 a5 38.Bf1 h5 39.Qd3 Qf6 40.Qd2 h4 41.Bc4 Re5 42.Re1 hxg3 43.fxg3 Qf3
44.Kh2 Re3 45.Rxe3 dxe3 46.Qe2 Qe4 47.a4 f5 48.Qg2 Qe5 49.Qb7+ Kh8 50.Qf3 Kg7
51.Kg2 Qb2+ 52.Qe2 Qd4 53.Qd3 Qb2+ 54.Qe2 Qd4 55.g4 Qe4+ 56.Kg1 f4 57.Qd3 Qf3
58.Qd7+ Kh8 59.Qe6 Kg7 60.Qf7+ Kh6 61.Qh5+ Kg7 62.Qxg5+ Kh7 63.Bd3+ Kh8 64.Qf6+ Kg8
65.Bc4+ Kh7 66.Qh4+ Kg6 67.g5 Qd1+ 68.Bf1 e2 69.Qh6+ Kf5 70.Qh7+ Kxg5 71.Qe7+ Kh6
72.Qe6+ Kg7 73.Qxe2 Qxb3 74.Qg4+ Kh8 75.Qh4+ Kg7 76.Qxf4 Qc3 77.h4 Kh8 78.h5 Qg7+
79.Kh1 Qb7+ 80.Kh2  1-0